000
00312nam a2200121Ia 4500
005
20251222152047.0
008
251222s9999||||xx |||||||||||||| ||spa||
082
_a
338.181/T46
245
0
_a
World Food Trade and US Agriculture, 1960 - 1983
250
_a
1ra.ed.
264
_b
Fourth Anual Edición
942
_c
LIB
999
_c
26285
_d
26285